<?xml version="1.0" encoding="UTF-8"?>
<record
    xmlns:xsi="http://www.w3.org/2001/XMLSchema-instance"
    xsi:schemaLocation="http://www.loc.gov/MARC21/slim http://www.loc.gov/standards/marcxml/schema/MARC21slim.xsd"
    xmlns="http://www.loc.gov/MARC21/slim">

  <leader>00594nam a22001937a 4500</leader>
  <controlfield tag="003">NUST-PNEC</controlfield>
  <controlfield tag="005">20170116180707.0</controlfield>
  <controlfield tag="008">140927b        xxu||||| |||| 00| 0 eng d</controlfield>
  <datafield tag="020" ind1=" " ind2=" ">
    <subfield code="a">0710625715</subfield>
  </datafield>
  <datafield tag="040" ind1=" " ind2=" ">
    <subfield code="c">PNEC</subfield>
  </datafield>
  <datafield tag="082" ind1=" " ind2=" ">
    <subfield code="a">615.9 DWY</subfield>
  </datafield>
  <datafield tag="100" ind1=" " ind2=" ">
    <subfield code="9">398</subfield>
    <subfield code="a">Dwyer Adrian</subfield>
  </datafield>
  <datafield tag="245" ind1=" " ind2=" ">
    <subfield code="a">Jane's Chem-Bio Handbook</subfield>
    <subfield code="c">Adrian Dwyer</subfield>
  </datafield>
  <datafield tag="250" ind1=" " ind2=" ">
    <subfield code="a">2nd ed.</subfield>
  </datafield>
  <datafield tag="260" ind1=" " ind2=" ">
    <subfield code="a">Virginia</subfield>
    <subfield code="b">JIG</subfield>
    <subfield code="c">c.2004</subfield>
  </datafield>
  <datafield tag="300" ind1=" " ind2=" ">
    <subfield code="c">16 cm</subfield>
  </datafield>
  <datafield tag="500" ind1=" " ind2=" ">
    <subfield code="a">http://www.amazon.com/Janes-Chem-Bio-Handbook-International-Language/dp/0710625715/ref=sr_1_1?s=books&amp;ie=UTF8&amp;qid=1411809363&amp;sr=1-1&amp;keywords=0710625715</subfield>
  </datafield>
  <datafield tag="942" ind1=" " ind2=" ">
    <subfield code="2">ddc</subfield>
    <subfield code="c">BK</subfield>
  </datafield>
  <datafield tag="999" ind1=" " ind2=" ">
    <subfield code="c">60785</subfield>
    <subfield code="d">60785</subfield>
  </datafield>
  <datafield tag="952" ind1=" " ind2=" ">
    <subfield code="0">0</subfield>
    <subfield code="1">0</subfield>
    <subfield code="2">ddc</subfield>
    <subfield code="4">0</subfield>
    <subfield code="7">0</subfield>
    <subfield code="a">PNEC</subfield>
    <subfield code="b">PNEC</subfield>
    <subfield code="c">REF</subfield>
    <subfield code="d">2006-06-13</subfield>
    <subfield code="e">Progressive International Agency</subfield>
    <subfield code="g">946.00</subfield>
    <subfield code="l">0</subfield>
    <subfield code="o">615.9 DWY</subfield>
    <subfield code="p">PNECLIB-028014</subfield>
    <subfield code="r">2014-09-27</subfield>
    <subfield code="v">946.00</subfield>
    <subfield code="w">2006-06-13</subfield>
    <subfield code="y">BK</subfield>
  </datafield>
</record>
